[Event "27.Bayer.Senioren-EM2015"]
[Site ""]
[Date "2015.06.15"]
[Round "6.32"]
[White "Peiberg, Ehrhard"]
[Black "Schuster, Herbert"]
[Result "0-1"]
[WhiteElo "1469"]
[BlackElo "1624"]
[PlyCount "112"]
[EventDate "2015.??.??"]
[WhiteTeam "SC Erlangen"]
[BlackTeam "SK Landshut"]

1. d4 d5 2. c4 c6 3. cxd5 cxd5 4. Nc3 e6 5. Nf3 Nf6 6. Bg5 Be7 7. e3 O-O 8. Bd3
h6 9. Bh4 Nbd7 10. Qc2 a6 11. O-O b5 12. Rac1 Bb7 13. Qb1 Ng4 14. Bxe7 Qxe7 15.
h3 Ngf6 16. Rfe1 Rac8 17. Ne2 Ne4 18. Rxc8 Rxc8 19. Rc1 Qd8 20. Rc2 Nd6 21. b3
Rxc2 22. Qxc2 Qc8 23. Qxc8+ Nxc8 24. Kf1 Kf8 25. Ke1 Ke7 26. Kd2 g5 27. g4 Nd6
28. Ng3 f6 29. Ke2 b4 30. Nd2 a5 31. f3 Bc6 32. Kd1 Nb5 33. Bxb5 Bxb5 34. Kc2
Kf7 35. e4 Bc6 36. Kd3 Nb6 37. Ke3 a4 38. Kd3 Kg6 39. Ke3 Bb5 40. f4 gxf4+ 41.
Kxf4 Bd3 42. Ke3 Bc2 43. e5 fxe5 44. dxe5 a3 45. Kd4 Nd7 46. Ngf1 Kg5 47. Ne3
Bh7 48. Ng2 Be4 49. Nxe4+ dxe4 50. Kxe4 Nc5+ 51. Kd4 Nxb3+ 52. Kc4 Nc1 53. Kxb4
Nxa2+ 54. Kxa3 Nc1 55. h4+ Kxg4 56. h5 Nd3 0-1

[Event "27.Bayer.Senioren-EM2015"]
[Site ""]
[Date "2015.06.15"]
[Round "6.33"]
[White "Huetter, Heinz"]
[Black "Malik, Heinz"]
[Result "0-1"]
[WhiteElo "1447"]
[BlackElo "1609"]
[PlyCount "64"]
[EventDate "2015.??.??"]
[WhiteTeam "SC Eichenau"]
[BlackTeam "SK Großweil"]

1. d4 Nf6 2. c3 e6 3. Nf3 b6 4. Nbd2 Bb7 5. h3 c5 6. Qc2 d5 7. e3 Be7 8. Be2
Nbd7 9. b3 O-O 10. Bb2 Ne4 11. Bd3 Ndf6 12. Nh2 Rc8 13. c4 Nxd2 14. Qxd2 dxc4
15. Bxc4 Bxg2 16. Rg1 Bxh3 17. O-O-O cxd4 18. Qe2 Bf5 19. Rxd4 Qc7 20. Ng4 Bxg4
21. Rdxg4 Nxg4 22. Qxg4 g6 23. Kb1 Qd8 24. f4 Bf6 25. Bxe6 Qd3+ 26. Ka1 Bxb2+
27. Kxb2 Rc2+ 28. Ka3 Qd6+ 29. b4 Qxe6 30. Qxe6 fxe6 31. Rd1 Rfc8 32. Ka4 Rxa2+
0-1

[Event "27.Bayer.Senioren-EM2015"]
[Site ""]
[Date "2015.06.15"]
[Round "6.34"]
[White "Wraga, Teresa"]
[Black "Breuer, Herbert"]
[Result "1/2-1/2"]
[WhiteElo "1424"]
[BlackElo "1594"]
[PlyCount "46"]
[EventDate "2015.??.??"]
[WhiteTeam "SG Osnabrück"]
[BlackTeam "SK Bad Aibling"]

1. e4 d6 2. Nc3 g6 3. g3 Bg7 4. Bg2 a5 5. a4 e6 6. Nge2 c6 7. O-O Nd7 8. d4 Ne7
9. Rb1 h6 10. Be3 Qc7 11. b3 e5 12. Qd2 Nf6 13. h3 g5 14. Rbd1 Ng6 15. dxe5
Nxe5 16. Qxd6 Qxd6 17. Rxd6 O-O 18. f4 gxf4 19. gxf4 Ned7 20. Ng3 Ne8 21. Rd3
Nc7 22. Nf5 Bxc3 23. Rxc3 Kh7 1/2-1/2

[Event "27.Bayer.Senioren-EM2015"]
[Site ""]
[Date "2015.06.15"]
[Round "6.35"]
[White "Kunte, Herbert"]
[Black "Sandner, Josef"]
[Result "1/2-1/2"]
[WhiteElo "1594"]
[BlackElo "1507"]
[PlyCount "83"]
[EventDate "2015.??.??"]
[WhiteTeam "SK Siemens München"]
[BlackTeam "SG Traunstein/Traunreut"]

1. e4 c5 2. Nf3 d6 3. d4 cxd4 4. Nxd4 Nf6 5. Nc3 g6 6. Be2 Bg7 7. Be3 O-O 8.
O-O a6 9. Qd2 Nc6 10. h3 Nxd4 11. Bxd4 Be6 12. Rad1 Qc7 13. Bf3 Rac8 14. Rfe1
Rfd8 15. Nd5 Bxd5 16. Bxf6 Bxf6 17. exd5 Qxc2 18. Be4 Qxb2 19. Qxb2 Bxb2 20.
Rb1 Bf6 21. Rxb7 a5 22. Reb1 Ra8 23. a4 Rdc8 24. Bd3 Rc3 25. Bb5 Rc5 26. Bc6
Rc8 27. Rb8 Rxb8 28. Rxb8+ Kg7 29. Rb5 Be5 30. Rb1 Kf6 31. Rd1 g5 32. g3 h6 33.
Kg2 e6 34. Rd3 Ke7 35. g4 f5 36. gxf5 exf5 37. Rf3 f4 38. Rb3 h5 39. Kf3 Rc3+
40. Rxc3 Bxc3 41. Ke4 Kf6 42. f3 1/2-1/2

[Event "27.Bayer.Senioren-EM2015"]
[Site ""]
[Date "2015.06.15"]
[Round "6.36"]
[White "Schiessl, Hanns"]
[Black "Graw, Rolf"]
[Result "1-0"]
[WhiteElo "1423"]
[BlackElo "1563"]
[PlyCount "49"]
[EventDate "2015.??.??"]
[WhiteTeam "FVS ASP Hoyerswerda"]
[BlackTeam "VfR-SC Koblenz"]

1. e4 e5 2. Nf3 Nc6 3. Bb5 Bc5 4. c3 f6 5. Bxc6 dxc6 6. d4 exd4 7. cxd4 Bb6 8.
O-O Bg4 9. Qd3 Bxf3 10. Qxf3 Bxd4 11. Rd1 c5 12. Nc3 Qd7 13. Bf4 O-O-O 14. Nd5
Ne7 15. Bxc7 Rde8 16. Bf4 Nxd5 17. exd5 Rd8 18. d6 Rhe8 19. Rac1 Qe6 20. h3
Rxd6 21. Bxd6 Qxd6 22. b4 Re5 23. Qg4+ Kd8 24. bxc5 Rxc5 25. Qxd4 1-0

[Event "27.Bayer.Senioren-EM2015"]
[Site ""]
[Date "2015.06.15"]
[Round "6.37"]
[White "Laber, Dietrich"]
[Black "Wraga, Hermann"]
[Result "1-0"]
[WhiteElo "1561"]
[BlackElo "1445"]
[PlyCount "79"]
[EventDate "2015.??.??"]
[WhiteTeam "SF Steinsfurt"]
[BlackTeam "SG Osnabrück"]

1. Nf3 d6 2. d4 f5 3. g3 g6 4. Bg2 Nf6 5. O-O Bg7 6. c4 c6 7. b3 O-O 8. Bb2 Qe8
9. Nc3 Na6 10. Re1 Ne4 11. Qc1 Nc7 12. Qc2 Nxc3 13. Bxc3 e5 14. e4 f4 15. dxe5
dxe5 16. Qb2 fxg3 17. fxg3 Ne6 18. Nxe5 Ng5 19. Nd3 Bxc3 20. Qxc3 Nh3+ 21. Bxh3
Bxh3 22. Nf4 Bd7 23. Rad1 g5 24. Nd3 Rf3 25. Qe5 Qg6 26. Qe7 Rxd3 27. Rxd3 Bh3
28. Rd8+ Rxd8 29. Qxd8+ Kg7 30. Qe7+ Kh6 31. Qf8+ Kh5 32. Qf2 Qe6 33. Re3 Qg4
34. Qf3 Kg6 35. Qxg4 Bxg4 36. Kf2 Kf6 37. Rd3 Ke5 38. Ke3 h5 39. Rd8 b5 40.
cxb5 1-0

[Event "27.Bayer.Senioren-EM2015"]
[Site ""]
[Date "2015.06.15"]
[Round "6.38"]
[White "Schallock, Helmut"]
[Black "Hermann, Josef"]
[Result "1-0"]
[WhiteElo "1352"]
[BlackElo "1645"]
[PlyCount "77"]
[EventDate "2015.??.??"]
[WhiteTeam "SC Noris-Tarrasch Nürnberg"]
[BlackTeam "TSV Trostberg"]

1. e4 e6 2. d4 d5 3. e5 c5 4. Nf3 cxd4 5. Nxd4 Nc6 6. Nxc6 bxc6 7. c3 Ne7 8.
Bd3 Ng6 9. Qe2 Qc7 10. f4 Bc5 11. b4 Bb6 12. Be3 O-O 13. O-O a5 14. b5 a4 15.
Na3 c5 16. Qf2 Rd8 17. Rac1 Ne7 18. g4 Bd7 19. h4 Rdb8 20. c4 d4 21. Bd2 Bc8
22. h5 Bb7 23. Qh4 Rf8 24. Rce1 Qd7 25. f5 f6 26. fxe6 Qc7 27. Bf4 f5 28. Bg5
Rae8 29. gxf5 Kh8 30. f6 Nc8 31. e7 Nxe7 32. fxe7 Rg8 33. Rf7 Ba5 34. Re2 Qd7
35. Bf4 Bc8 36. e6 Qb7 37. Qg4 Rxe7 38. Qf5 Bd8 39. Qxh7# 1-0

[Event "27.Bayer.Senioren-EM2015"]
[Site ""]
[Date "2015.06.15"]
[Round "6.39"]
[White "Alefs, Heinz"]
[Black "Kolkwitz, Klaus"]
[Result "1/2-1/2"]
[WhiteElo "1567"]
[BlackElo "1670"]
[PlyCount "65"]
[EventDate "2015.??.??"]
[WhiteTeam "SC Eichenau"]
[BlackTeam "ESV Eberswalde"]

1. c4 g6 2. Nc3 Bg7 3. d4 d6 4. Nf3 Nf6 5. e4 O-O 6. Be3 Nbd7 7. h3 e5 8. Qd2
Qe7 9. d5 Ne8 10. Bh6 a5 11. h4 Nc5 12. Bxg7 Kxg7 13. h5 Rh8 14. hxg6 fxg6 15.
Qh6+ Kg8 16. Nh4 Qg7 17. Qg5 Qf6 18. Qe3 Bd7 19. g3 Ng7 20. O-O-O Rf8 21. Rd2
g5 22. Ng2 Be8 23. f4 exf4 24. gxf4 gxf4 25. Qf3 Bg6 26. Rh4 Qe5 27. Rxf4 Rxf4
28. Nxf4 Bxe4 29. Nxe4 Qxe4 30. Qxe4 Nxe4 31. Rg2 Kf7 32. Bd3 Nf6 33. Rh2
1/2-1/2

[Event "27.Bayer.Senioren-EM2015"]
[Site ""]
[Date "2015.06.15"]
[Round "6.40"]
[White "Mahrla, Hans"]
[Black "Conitz, Helmut"]
[Result "1-0"]
[WhiteElo "1647"]
[BlackElo "1343"]
[PlyCount "91"]
[EventDate "2015.??.??"]
[WhiteTeam "SC Eichenau"]
[BlackTeam "SF Witzlasreuth"]

1. e4 e5 2. Nf3 Nf6 3. Nxe5 d6 4. Nf3 Nxe4 5. d3 Nf6 6. Nc3 Be6 7. d4 c6 8. Bd3
h6 9. O-O Be7 10. Re1 O-O 11. h3 Nbd7 12. Ne4 Nxe4 13. Bxe4 d5 14. Bd3 Qc7 15.
c3 Kh8 16. Bc2 Rg8 17. Qd3 Nf8 18. Ne5 Bf6 19. Bf4 Qc8 20. Re2 g5 21. Bg3 Rg7
22. Re3 Nh7 23. Rae1 Qg8 24. Kh2 h5 25. f3 g4 26. fxg4 hxg4 27. Nxg4 Bxg4 28.
hxg4 Nf8 29. Be5 Bxe5+ 30. Rxe5 Rh7+ 31. Rh5 Ng6 32. Ree5 Rxh5+ 33. Rxh5+ Kg7
34. Qe3 Kf8 35. Bxg6 fxg6 36. Qf4+ Ke7 37. Re5+ Kd7 38. g5 Rf8 39. Qg4+ Kc7 40.
Re7+ Kb6 41. Qd1 Rb8 42. Qb3+ Ka6 43. Qb4 Qd8 44. c4 Qc8 45. Qa4+ Kb6 46. c5#
1-0

[Event "27.Bayer.Senioren-EM2015"]
[Site ""]
[Date "2015.06.15"]
[Round "6.41"]
[White "Reimann, Guenther"]
[Black "Jagdhuber, Hans"]
[Result "1/2-1/2"]
[WhiteElo "1803"]
[BlackElo "1906"]
[PlyCount "59"]
[EventDate "2015.??.??"]
[WhiteTeam "SC Magstadt"]
[BlackTeam "SK Keres-Augsburg"]

1. c4 e5 2. Nf3 Nc6 3. d3 g6 4. g3 Bg7 5. Bg2 Nge7 6. Nc3 O-O 7. O-O d6 8. a3
a5 9. Rb1 Bd7 10. h3 Rb8 11. e4 Nd4 12. Nxd4 exd4 13. Ne2 b5 14. Bg5 f6 15. Bd2
c5 16. b3 f5 17. Bf4 Rb6 18. Qd2 fxe4 19. Bxe4 Bxh3 20. Bg2 Bf5 21. Bg5 Bf6 22.
Bxf6 Rxf6 23. Nf4 a4 24. bxa4 bxc4 25. Qa5 Rb8 26. Rxb8 Qxb8 27. Re1 Kf8 28.
dxc4 g5 29. Nd5 Nxd5 30. Bxd5 1/2-1/2

[Event "27.Bayer.Senioren-EM2015"]
[Site ""]
[Date "2015.06.15"]
[Round "6.42"]
[White "Jehn, Detlef"]
[Black "Oser, Thor"]
[Result "0-1"]
[WhiteElo "1486"]
[BlackElo "1638"]
[PlyCount "74"]
[EventDate "2015.??.??"]
[WhiteTeam "SF Bad Reichenhall"]
[BlackTeam "SK Jöhlingen"]

1. e4 c5 2. Bc4 e6 3. Nf3 Nc6 4. O-O Nge7 5. Nc3 a6 6. a3 Ng6 7. d4 cxd4 8.
Nxd4 Be7 9. Nxc6 bxc6 10. b4 O-O 11. Be3 d5 12. exd5 cxd5 13. Be2 Bf6 14. Bd4
e5 15. Bc5 Ne7 16. Na4 Rb8 17. Nb6 Rxb6 18. Bxb6 Qxb6 19. c3 e4 20. Qb3 Be6 21.
Rac1 d4 22. c4 d3 23. Bd1 Nc6 24. Qa4 Nb8 25. c5 Qc7 26. b5 Bd5 27. bxa6 Qa7
28. Bb3 Bxb3 29. Qxb3 Qxa6 30. a4 Bd4 31. Rc4 Nc6 32. Qd1 Qa8 33. Qb1 Rb8 34.
Qd1 Qa6 35. Rxd4 Nxd4 36. Qh5 Ne2+ 37. Kh1 Qxa4 0-1

[Event "27.Bayer.Senioren-EM2015"]
[Site ""]
[Date "2015.06.15"]
[Round "6.43"]
[White "Rosmann, Armin"]
[Black "Flockerzi, Armin"]
[Result "0-1"]
[WhiteElo "1403"]
[BlackElo "1605"]
[PlyCount "60"]
[EventDate "2015.??.??"]
[WhiteTeam "TSV Ebermannstadt"]
[BlackTeam "VfR-SC Koblenz"]

1. e4 d6 2. Nf3 Nf6 3. Nc3 e6 4. d4 Be7 5. Be2 b6 6. O-O c6 7. Bg5 Nfd7 8. Bxe7
Qxe7 9. Qd2 O-O 10. Bd3 Ba6 11. Rad1 h6 12. Rfe1 Bxd3 13. Qxd3 Re8 14. Re3 Nf8
15. d5 cxd5 16. exd5 e5 17. Rde1 Ng6 18. Qf5 Nd7 19. Nd4 Ndf8 20. Nc6 Qb7 21.
Nb5 Ne7 22. Nxe7+ Qxe7 23. Rg3 a6 24. Nxd6 Qxd6 25. c4 Ra7 26. Qg4 f6 27. Rh3
Kh8 28. Ree3 Qd7 29. Qh5 Qf7 30. Qf5 Qg6 0-1

[Event "27.Bayer.Senioren-EM2015"]
[Site ""]
[Date "2015.06.15"]
[Round "6.44"]
[White "Lueders, Guenter"]
[Black "Rudek, Gerald"]
[Result "1-0"]
[WhiteElo "1603"]
[BlackElo "1453"]
[PlyCount "77"]
[EventDate "2015.??.??"]
[WhiteTeam "TSV Benshausen"]
[BlackTeam "SC Feuchtwangen"]

1. d4 f5 2. Nf3 Nf6 3. Bf4 e6 4. Nbd2 Be7 5. h3 b6 6. e3 Bb7 7. Be2 O-O 8. O-O
c5 9. c3 Nc6 10. Ne5 Nxe5 11. Bxe5 d6 12. Bh2 Nd7 13. Bf3 Qc8 14. Bg3 e5 15.
dxe5 Nxe5 16. Bxb7 Qxb7 17. Qb3+ Kh8 18. Rad1 Rad8 19. Nc4 Nxc4 20. Qxc4 d5 21.
Qe2 Bd6 22. Bxd6 Rxd6 23. Qf3 c4 24. Rd4 Qf7 25. Rfd1 Rfd8 26. Qf4 Qe6 27. Qf3
g5 28. Qg3 h6 29. Qf3 Kg7 30. Qg3 Kf6 31. Qf3 Kg6 32. Qg3 h5 33. Kf1 h4 34.
Rxh4 Rg8 35. Rhd4 Kf6 36. Qf3 Rgd8 37. h4 g4 38. Rxg4 Ke5 39. Qf4+ 1-0

[Event "27.Bayer.Senioren-EM2015"]
[Site ""]
[Date "2015.06.15"]
[Round "6.45"]
[White "Ewald, Frithjof"]
[Black "Garms, Ilse"]
[Result "1/2-1/2"]
[WhiteElo "1319"]
[BlackElo "1553"]
[PlyCount "80"]
[EventDate "2015.??.??"]
[WhiteTeam "ASV J'Adoube Grassau"]
[BlackTeam "ESV Eberswalde"]

1. d4 d5 2. Nf3 Nf6 3. c4 dxc4 4. Nc3 c6 5. a4 e6 6. e3 Be7 7. Bxc4 O-O 8. O-O
Re8 9. Re1 Nbd7 10. h3 h5 11. e4 Nh7 12. e5 Ndf8 13. Nh2 c5 14. Ne4 Qxd4 15.
Qxd4 cxd4 16. Bd3 Rd8 17. f4 b6 18. Nf3 Bb7 19. h4 Rac8 20. Bd2 a5 21. b3 Ng6
22. g3 Bb4 23. Rac1 Rxc1 24. Rxc1 Bxd2 25. Nfxd2 Bd5 26. Rc7 Ngf8 27. Bc4 f6
28. Bxd5 Rxd5 29. Nc4 d3 30. Ned2 Nd7 31. Ne3 Rd4 32. Rc4 Rxc4 33. Nexc4 Nhf8
34. Kf2 Ng6 35. Nf3 Kf7 36. Ke3 Nc5 37. Nd4 Nd7 38. Ke4 d2 39. Nxd2 fxe5 40.
fxe5 Ngxe5 1/2-1/2

[Event "27.Bayer.Senioren-EM2015"]
[Site ""]
[Date "2015.06.15"]
[Round "6.46"]
[White "Wilfert, Eva-Maria"]
[Black "Malik, Rosemarie"]
[Result "1/2-1/2"]
[WhiteElo "1389"]
[BlackElo "1285"]
[PlyCount "83"]
[EventDate "2015.??.??"]
[WhiteTeam "PTSV SK Hof"]
[BlackTeam "SK Großweil"]

1. e4 e5 2. Nf3 Nc6 3. Bc4 Bc5 4. O-O Nf6 5. Nc3 O-O 6. a3 d6 7. h3 a6 8. d3
Bd7 9. Bg5 h6 10. Bh4 Nd4 11. Nd5 g5 12. Bg3 Nxd5 13. Bxd5 c6 14. Ba2 Qf6 15.
Nxd4 Bxd4 16. c3 Ba7 17. Qe2 Be6 18. Bxe6 Qxe6 19. Rad1 Rad8 20. d4 exd4 21.
cxd4 d5 22. e5 Qg6 23. f4 Qe4 24. Qd3 Qxd3 25. Rxd3 gxf4 26. Rxf4 Kh7 27. Bh4
Rde8 28. Rdf3 Kg6 29. Rf6+ Kg7 30. Bf2 Re6 31. Be3 Rxf6 32. Rxf6 Rh8 33. Kf1
Bb6 34. b4 Bd8 35. Rf3 Bg5 36. Ke2 Bxe3 37. Kxe3 Re8 38. Kd3 Re6 39. Ke2 f6 40.
Re3 fxe5 41. Rxe5 Rxe5+ 42. dxe5 1/2-1/2

[Event "27.Bayer.Senioren-EM2015"]
[Site ""]
[Date "2015.06.15"]
[Round "6.47"]
[White "Braeu, Emmi"]
[Black "Schwarzmeier, Christine"]
[Result "1-0"]
[WhiteElo "1321"]
[BlackElo "868"]
[PlyCount "55"]
[EventDate "2015.??.??"]
[WhiteTeam "SK Marktoberdorf"]
[BlackTeam "TV Riedenburg"]

1. Nf3 d5 2. g3 g6 3. Bg2 Bg7 4. c4 e6 5. d4 Ne7 6. Nc3 O-O 7. c5 b6 8. cxb6
axb6 9. O-O c6 10. Be3 Nd7 11. Rc1 Ba6 12. Re1 f6 13. Bh3 f5 14. Bg5 Nf6 15.
Qd2 Ne4 16. Qe3 Qd6 17. Bf4 Qd7 18. Be5 Nxc3 19. Rxc3 Rac8 20. Bxg7 Kxg7 21.
Ne5 Qd6 22. Rec1 Bb7 23. f4 h5 24. Nf3 Ng8 25. Ng5 Rfe8 26. Ra3 Kf6 27. Ra7 Ba8
28. Nh7# 1-0

[Event "27.Bayer.Senioren-EM2015"]
[Site ""]
[Date "2015.06.15"]
[Round "6.48"]
[White "Hartlaub, Marianne"]
[Black "Walther, Renate"]
[Result "1-0"]
[WhiteElo "1367"]
[BlackElo "837"]
[PlyCount "51"]
[EventDate "2015.??.??"]
[WhiteTeam "SK Klingenberg"]
[BlackTeam "SK Herzogenaurach"]

1. Nf3 d5 2. c4 dxc4 3. Qa4+ Nd7 4. Qxc4 e6 5. g3 Ngf6 6. Bg2 Bd6 7. O-O O-O 8.
d4 Re8 9. Nc3 Nb6 10. Qd3 Bd7 11. e4 e5 12. dxe5 Bxe5 13. Nxe5 Rxe5 14. f4 Re7
15. Be3 Bc6 16. Rfd1 Rd7 17. Qe2 Qe7 18. e5 Nfd5 19. Bxb6 axb6 20. Bxd5 Qc5+
21. Qf2 Qxf2+ 22. Kxf2 Rad8 23. Bxc6 bxc6 24. Rxd7 Rxd7 25. Rd1 Rxd1 26. Nxd1
1-0

[Event "27.Bayer.Senioren-EM2015"]
[Site ""]
[Date "2015.06.15"]
[Round "6.49"]
[White "Schubert, Juergen"]
[Black "Jurgan, Brigitte"]
[Result "1/2-1/2"]
[WhiteElo "1124"]
[BlackElo "1236"]
[PlyCount "54"]
[EventDate "2015.??.??"]
[WhiteTeam "Münchener SC"]
[BlackTeam "ASV J'Adoube Grassau"]

1. d4 d5 2. Bf4 Nf6 3. e3 g6 4. Nf3 Bg4 5. Nbd2 Bg7 6. Be2 Bxf3 7. Nxf3 Nbd7 8.
Bd3 O-O 9. O-O c6 10. c4 e6 11. Bd6 Re8 12. b4 a6 13. a4 Nb6 14. Be5 Ne4 15.
Nd2 Nxd2 16. Qxd2 f6 17. Bg3 e5 18. dxe5 fxe5 19. Ra2 e4 20. Be2 Be5 21. c5 Nd7
22. Bg4 Nf6 23. Qe2 Bxg3 24. fxg3 Rf8 25. Rf2 Qe7 26. Ra1 Rf7 27. Raf1 Raf8
1/2-1/2

[Event "27.Bayer.Senioren-EM2015"]
[Site ""]
[Date "2015.06.15"]
[Round "7.1"]
[White "Trescher, Manfred"]
[Black "Roeder, Frank"]
[Result "0-1"]
[WhiteElo "2062"]
[BlackElo "2184"]
[PlyCount "94"]
[EventDate "2015.??.??"]
[WhiteTeam "Stiftung BSW - SG München"]
[BlackTeam "SV Altensittenbach"]

1. e4 c6 2. d4 d5 3. Nc3 dxe4 4. Nxe4 Nf6 5. Nxf6+ exf6 6. c3 Bd6 7. Bd3 Qc7 8.
Ne2 Bg4 9. h3 Bh5 10. Qc2 Bg6 11. Bd2 Nd7 12. O-O-O O-O-O 13. Rhe1 Rhe8 14.
Bxg6 hxg6 15. Kb1 f5 16. g3 Nf6 17. Bg5 Rd7 18. Bxf6 gxf6 19. Ng1 Rde7 20. Qd2
Re4 21. f3 R4e6 22. Rxe6 Rxe6 23. f4 Qe7 24. d5 cxd5 25. Qxd5 Bc7 26. Qf3 Re3
27. Qf1 Qe4+ 28. Ka1 Rxg3 29. Qb5 Qc6 30. Qb3 Qe6 31. Qc2 Qe3 32. Qh2 Qxf4 33.
Qe2 Qe3 34. a4 Qxe2 35. Nxe2 Rxh3 36. Nd4 a6 37. Nb3 f4 38. Nc5 f3 39. Ne4 f5
40. Nf2 Rh2 41. Rf1 Bg3 42. Nh1 Rh3 43. Ka2 Bh4 44. Kb3 g5 45. Nf2 Rh2 46. Nd3
g4 47. Ne5 f2 0-1

[Event "27.Bayer.Senioren-EM2015"]
[Site ""]
[Date "2015.06.15"]
[Round "7.2"]
[White "Schmidt, Gerhard"]
[Black "Straub, Peter"]
[Result "1/2-1/2"]
[WhiteElo "2131"]
[BlackElo "1965"]
[PlyCount "42"]
[EventDate "2015.??.??"]
[WhiteTeam "SC Unterhaching"]
[BlackTeam "SK Mering"]

1. d4 Nf6 2. Nf3 e6 3. e3 b6 4. c4 Bb7 5. Bd3 c5 6. Nc3 cxd4 7. exd4 Be7 8. O-O
O-O 9. Bg5 d6 10. Rc1 Nbd7 11. Qe2 h6 12. Bf4 Re8 13. Rfd1 a6 14. h3 Ra7 15.
Ne4 Nxe4 16. Bxe4 g6 17. Bxb7 Rxb7 18. b4 b5 19. d5 e5 20. Be3 bxc4 21. Qxc4
Qb8 1/2-1/2

[Event "27.Bayer.Senioren-EM2015"]
[Site ""]
[Date "2015.06.15"]
[Round "7.3"]
[White "Fischer, Gerd"]
[Black "Wolf, Walter"]
[Result "0-1"]
[WhiteElo "2011"]
[BlackElo "2084"]
[PlyCount "68"]
[EventDate "2015.??.??"]
[WhiteTeam "FC Gunzenhausen"]
[BlackTeam "Stuttgarter SF"]

1. Nf3 d5 2. b3 c5 3. e3 Nc6 4. Bb2 e6 5. Be2 Nf6 6. O-O Bd6 7. d4 b6 8. Nbd2
cxd4 9. exd4 O-O 10. c4 Bb7 11. Rc1 Rc8 12. a3 Ne7 13. c5 bxc5 14. dxc5 Bxc5
15. b4 Bd6 16. Rxc8 Nxc8 17. Bd3 Nb6 18. Qa1 Nbd7 19. Nb3 Qe7 20. Na5 Ba8 21.
Rc1 e5 22. Bf5 g6 23. Bh3 d4 24. Nc6 Bxc6 25. Rxc6 Nd5 26. g3 N5b6 27. Qd1 Nb8
28. Rc1 Rd8 29. Qb3 Qf6 30. Nd2 Bf8 31. Rc7 N6d7 32. Rxa7 Qb6 33. Ra5 Nc6 34.
Rxe5 Ndxe5 0-1

[Event "27.Bayer.Senioren-EM2015"]
[Site ""]
[Date "2015.06.15"]
[Round "7.4"]
[White "Walther, Reinhard"]
[Black "Urytskyy, Arkadiy"]
[Result "1-0"]
[WhiteElo "1942"]
[BlackElo "2078"]
[PlyCount "75"]
[EventDate "2015.??.??"]
[WhiteTeam "SK Herzogenaurach"]
[BlackTeam "TSV Bindlach"]

1. d4 Nf6 2. Bg5 g6 3. Nc3 Bg7 4. e4 O-O 5. Qd2 c5 6. d5 d6 7. Be2 a6 8. h4 b5
9. f3 b4 10. Nd1 e6 11. h5 exd5 12. hxg6 fxg6 13. Bxf6 Qxf6 14. Qxd5+ Be6 15.
Qxa8 Qf4 16. Qb7 Nd7 17. Qxa6 Qg3+ 18. Kf1 Bg4 19. c3 Nf6 20. Nf2 bxc3 21. bxc3
Bc8 22. Qd3 Nh5 23. Rxh5 gxh5 24. Rd1 Be5 25. Ngh3 Qh2 26. Qe3 Be6 27. a4 Rb8
28. f4 Bg7 29. Rxd6 Bb3 30. a5 Bc2 31. a6 Rb1+ 32. Bd1 Ra1 33. a7 Bf8 34. Rd8
Bxd1 35. a8=Q Ba4+ 36. Ke2 Bb5+ 37. Kd2 Rxa8 38. Rxa8 1-0

[Event "27.Bayer.Senioren-EM2015"]
[Site ""]
[Date "2015.06.15"]
[Round "7.5"]
[White "Jergler, Karl-Heinz"]
[Black "Siegmund, Rainer"]
[Result "1-0"]
[WhiteElo "2076"]
[BlackElo "1991"]
[PlyCount "77"]
[EventDate "2015.??.??"]
[WhiteTeam "SC Waldkraiburg"]
[BlackTeam "SV Dresden-Striesen"]

1. e4 c5 2. c3 Nf6 3. e5 Nd5 4. d4 cxd4 5. Nf3 Nc6 6. Bc4 e6 7. cxd4 d6 8. a3
Be7 9. O-O O-O 10. Qe2 a6 11. Bd3 b5 12. Qe4 g6 13. Bh6 Re8 14. Nc3 Bb7 15.
Nxd5 exd5 16. Qf4 Qd7 17. Rfe1 dxe5 18. Nxe5 Nxe5 19. Rxe5 Bf8 20. Bxf8 Rxf8
21. Rae1 Rae8 22. Qf6 Rxe5 23. Rxe5 Re8 24. h4 Rxe5 25. Qxe5 h5 26. f3 Bc8 27.
Kf2 Qc6 28. Qf4 Qe6 29. Qg5 Kf8 30. Qf4 Bd7 31. Be2 Ke7 32. g4 hxg4 33. fxg4
Kf8 34. h5 Kg8 35. Bf3 Qc6 36. h6 Be6 37. Qf6 Qc2+ 38. Kg3 Qc7+ 39. Kh3 1-0

[Event "27.Bayer.Senioren-EM2015"]
[Site ""]
[Date "2015.06.15"]
[Round "7.6"]
[White "Daeubler, Heinrich"]
[Black "Kurka, Dieter"]
[Result "1-0"]
[WhiteElo "2058"]
[BlackElo "1931"]
[PlyCount "79"]
[EventDate "2015.??.??"]
[WhiteTeam "SC Haselmühl"]
[BlackTeam "Kölner SK Dr. Lasker"]

1. d4 d5 2. c4 e6 3. Nc3 Nf6 4. Nf3 Be7 5. g3 O-O 6. Bg2 dxc4 7. O-O c6 8. Ne5
Nbd7 9. Nxc4 c5 10. dxc5 Bxc5 11. Bf4 Qe7 12. a3 e5 13. Bg5 Bd4 14. Nb5 Qc5 15.
Nxd4 exd4 16. Bxf6 Nxf6 17. Rc1 Rb8 18. b4 Qh5 19. Qxd4 Bh3 20. f3 b5 21. Nd6
Bxg2 22. Kxg2 Qd5 23. Rfd1 Qa2 24. Rd2 Qxa3 25. Ra1 Qb3 26. Rxa7 Rbd8 27. Re7
Ne8 28. Qc5 Nxd6 29. Rxd6 Rxd6 30. Qxd6 h6 31. Qc5 Rb8 32. Rc7 Qe6 33. Qe7 Qb3
34. Rd7 Rb6 35. Qe8+ Kh7 36. Qxf7 Qb2 37. Qf5+ Rg6 38. Rd6 Qxe2+ 39. Kh3 Qf1+
40. Kh4 1-0

[Event "27.Bayer.Senioren-EM2015"]
[Site ""]
[Date "2015.06.15"]
[Round "7.7"]
[White "Goy, Udo"]
[Black "Maugg, Ludwig"]
[Result "1-0"]
[WhiteElo "2084"]
[BlackElo "1881"]
[PlyCount "85"]
[EventDate "2015.??.??"]
[WhiteTeam "Ford SF Köln"]
[BlackTeam "SC Sonthofen"]

1. d4 Nf6 2. c4 c5 3. e3 g6 4. Nf3 Bg7 5. Nc3 O-O 6. Be2 cxd4 7. Nxd4 d5 8. O-O
Nc6 9. Nxc6 bxc6 10. Bf3 Ba6 11. Qa4 Bxc4 12. Rd1 Qb6 13. Bd2 Rab8 14. Rac1 Nd7
15. b3 Ba6 16. Nxd5 cxd5 17. Qxd7 e6 18. h4 h5 19. Rc6 Bb5 20. Rxb6 Bxd7 21.
Ra6 Rb7 22. e4 d4 23. e5 Rc7 24. Bb4 Rfc8 25. Bd6 Rc1 26. Rxa7 Rxd1+ 27. Bxd1
Rc1 28. Rxd7 Rxd1+ 29. Kh2 d3 30. f4 Bh6 31. g3 Rd2+ 32. Kh3 Rxa2 33. Bb4 d2
34. Bxd2 Rb2 35. Rd8+ Kh7 36. b4 Bf8 37. Rxf8 Rxd2 38. Rxf7+ Kh6 39. Rf6 Rb2
40. Rxe6 Rxb4 41. f5 Rg4 42. f6 Re4 43. Re8 1-0

[Event "27.Bayer.Senioren-EM2015"]
[Site ""]
[Date "2015.06.15"]
[Round "7.8"]
[White "Kochseder, Georg"]
[Black "Roeder, Gerd"]
[Result "1-0"]
[WhiteElo "1871"]
[BlackElo "2047"]
[PlyCount "104"]
[EventDate "2015.??.??"]
[WhiteTeam "TV Hallstadt"]
[BlackTeam "SV Altensittenbach"]

1. e4 c5 2. Nf3 Nc6 3. d4 cxd4 4. Nxd4 Nf6 5. Nc3 e5 6. Nxc6 bxc6 7. a3 Be7 8.
Bc4 O-O 9. O-O Bb7 10. Bg5 Nxe4 11. Bxe7 Nxc3 12. Qd6 Ne4 13. Qb4 a5 14. Bxd8
axb4 15. Be7 Rfe8 16. Bxb4 c5 17. Be1 d5 18. Bd3 Nd6 19. f3 c4 20. Be2 Nf5 21.
Bf2 Ba6 22. g4 Nd4 23. Bxd4 exd4 24. Rfe1 Re6 25. Bf1 g5 26. Rad1 Rb8 27. b4
cxb3 28. Rxe6 fxe6 29. cxb3 Bxf1 30. Kxf1 Rxb3 31. Ra1 Rxf3+ 32. Ke2 Rh3 33. a4
e5 34. a5 e4 35. Kf2 Rxh2+ 36. Kg3 Rc2 37. a6 Rc8 38. a7 Ra8 39. Kf2 Kf8 40.
Ra6 Ke7 41. Rh6 Kd7 42. Rxh7+ Kc6 43. Rg7 Kb6 44. Rxg5 Rxa7 45. Rxd5 Ra2+ 46.
Kg3 d3 47. Kf4 Re2 48. g5 Kc6 49. Rd8 Kc7 50. Rd4 d2 51. g6 Rg2 52. g7 Rxg7 1-0

[Event "27.Bayer.Senioren-EM2015"]
[Site ""]
[Date "2015.06.15"]
[Round "7.9"]
[White "Schroeter, Manfred"]
[Black "Selig, Rainer"]
[Result "1/2-1/2"]
[WhiteElo "1855"]
[BlackElo "2007"]
[PlyCount "93"]
[EventDate "2015.??.??"]
[WhiteTeam "SC Falke Saerbeck"]
[BlackTeam "SpV Ebersbach/SA"]

1. e4 c5 2. d3 g6 3. Nd2 Bg7 4. Ngf3 Nc6 5. g3 Nf6 6. Bg2 O-O 7. O-O d6 8. Re1
Qc7 9. Nf1 Rb8 10. c3 b5 11. Bf4 e5 12. Bg5 h6 13. Bd2 Be6 14. Nh4 c4 15. f4
cxd3 16. f5 g5 17. fxe6 gxh4 18. Bh3 Qe7 19. Qc1 fxe6 20. Bxh6 Rbe8 21. Bg5 d5
22. Bg2 Qf7 23. Bxf6 Bxf6 24. Qd2 d4 25. Qxd3 a6 26. a4 Qb7 27. axb5 axb5 28.
Nd2 Bg5 29. Nf3 Be3+ 30. Rxe3 dxe3 31. Qxe3 hxg3 32. hxg3 Ra8 33. Qg5+ Qg7 34.
Rxa8 Rxa8 35. Bf1 Qxg5 36. Nxg5 Ra1 37. Kg2 Ra2 38. Nxe6 Rxb2+ 39. Kh3 Rb3 40.
Nc7 Na7 41. Nxb5 Rxb5 42. Bxb5 Nxb5 43. Kg4 Nd6 44. c4 Nxc4 45. Kf5 Kf7 46. g4
Kg7 47. Ke6 1/2-1/2